Trta subways in and around Tokyo

محفوظ في:
التفاصيل البيبلوغرافية
التنسيق: كتاب
اللغة:Undetermined
منشور في: Japan 1983
الموضوعات:
الوسوم: إضافة وسم
لا توجد وسوم, كن أول من يضع وسما على هذه التسجيلة!
Thư viện lưu trữ: Trung tâm Học liệu Trường Đại học Cần Thơ
LEADER 00369nam a2200145Ia 4500
001 CTU_98450
008 210402s9999 xx 000 0 und d
082 |a 338.4 
082 |b T864 
245 0 |a Trta subways in and around Tokyo 
260 |a Japan 
260 |c 1983 
650 |a Subways 
904 |i Tuyến 
980 |a Trung tâm Học liệu Trường Đại học Cần Thơ